| 000 | 00478nam a2200157 a 4500 | ||
|---|---|---|---|
| 001 | 000001740 | ||
| 005 | 20200929145701.0 | ||
| 008 | 090626s2007 dr 001 0 spa d | ||
| 040 | _aDO-SdBNP | ||
| 082 |
_axxx _bH558b |
||
| 100 | 1 |
_aHernández, P. Jesús _95465 |
|
| 245 | 1 | 0 |
_aBiblioteca Antillense Salesiana (BAS) : _bbiblioteca viva / _cP. Jesús Hernández, sdb. |
| 260 |
_aSanto Domingo : _bEditorial Argos, _c2007. |
||
| 300 |
_a140 p. ; _c23 cm. |
||
| 500 | _aIncluye índice | ||
| 999 |
_c1618 _d1618 |
||